Process Calculations
Uloženo v:
| Hlavní autoři: | , , |
|---|---|
| Médium: | Kniha |
| Jazyk: | angličtina |
| Vydáno: |
Nueva Delhi
Phi Learning Private Limited
2011
|
| Vydání: | 2a. ed |
| Témata: | |
| Tagy: |
Přidat tag
Žádné tagy, Buďte první, kdo vytvoří štítek k tomuto záznamu!
|
MARC
| LEADER | 00000cam a2200000 a 4500 | ||
|---|---|---|---|
| 001 | UCF3696 | ||
| 003 | CL-VaPUC | ||
| 008 | 121025e20110000II |||||||||||||||||eng|d | ||
| 020 | |a 9788120341999 | ||
| 082 | 0 | 4 | |a 540 |b VEN |2 21 |
| 100 | 0 | |a Venkataramani, V |e author |9 565436 | |
| 700 | 0 | |a Anantharaman, N |e author |9 565437 | |
| 700 | 0 | |a Meera Sheriffa Begum, K. M |e author |9 565438 | |
| 245 | 1 | 0 | |a Process Calculations |
| 250 | |a 2a. ed | ||
| 300 | |a 248 p | ||
| 942 | |c BK | ||
| 945 | |d 20121025 00:00:00 |a dcastane | ||
| 260 | |a Nueva Delhi |b Phi Learning Private Limited |c 2011 | ||
| 650 | 0 | |a Estequiometría |9 384749 | |
| 650 | 0 | |a Gases |9 260945 | |
| 650 | 7 | |a TERMODINAMICA QUIMICA |2 CL-VaPUC |9 338568 | |
| 650 | 0 | |a Estructura atómica |9 259944 | |
| 650 | 0 | |a Enlaces químicos |9 306789 | |
| 650 | 0 | |a Química inorgánica |9 260154 | |
| 650 | 0 | |a Química orgánica |9 259426 | |
| 583 | |a last modification |c 20121025 12:11:00 |k Rodrigo Vera | ||
| 999 | |c 349875 |d 349873 | ||
| 952 | |0 0 |1 0 |4 0 |6 540_000000000000000_VEN_2011 |7 0 |8 A |9 452753 |a BIBING |b BIBING |d 2019-11-22 |i 4919440 |o 540 VEN 2011 |p 4919440 |r 2025-01-20 |w 2019-11-22 |y BK |k EIQ | ||